| 000 | 00574nam a2200217Ia 4500 | ||
|---|---|---|---|
| 003 | OSt | ||
| 005 | 20220928145529.0 | ||
| 006 | a|||||r|||| 00| 0 | ||
| 007 | ta | ||
| 008 | 220927b |||||||| |||| 00| 0 eng d | ||
| 024 | _a81019 | ||
| 037 | _cTextual | ||
| 040 |
_aSDCL _cSDCL _beng |
||
| 041 |
_2eng _aeng |
||
| 082 | _aV41:1958,(MV4)'N6, K8 | ||
| 100 |
_aClemens Walter C _9513251 |
||
| 245 | 0 | _aArms race and Sino-Soviet relations | |
| 260 | _c1969 | ||
| 942 |
_hV41:1958,(MV4)'N6, K8 _cTEXL _2CC |
||
| 999 |
_c833898 _d833898 |
||